Countries of the World by City #2 - Statistics

General Stats
  • This quiz has been taken 97 times
  • The average score is 17 of 26
Answer Stats
City Country % Correct
Chicago United States
100%
Barcelona Spain
99%
Vienna Austria
98%
Jakarta Indonesia
94%
Auckland New Zealand
94%
Pretoria South Africa
89%
Chisinau Moldova
84%
Odessa Ukraine
82%
Windhoek Namibia
79%
Hyderabad India
78%
Monterrey Mexico
74%
Willemstad Netherlands
63%
Incheon South Korea
62%
Conakry Guinea
61%
Funchal Portugal
59%
Curitiba Brazil
57%
Apia Samoa
56%
Maseru Lesotho
52%
Perpignan France
51%
Bursa Turkey
48%
Mashhad Iran
47%
Pärnu Estonia
41%
Arequipa Peru
40%
Kaohsiung City Taiwan
38%
Iasi Romania
37%
Ulcinj Montenegro
21%
No matching quizzes found
Score Distribution
Percent of People with Each Score
Percentile by Number Answered
Your Score History
You have not taken this quiz